000
00250nam a22001097a 4500
082
_a
823
_b
SLI/R
100
_a
DISNEY, WALT
245
_a
THE RUN WAY WOLF CUB
260
_a
NEW YORK
_b
WALT DISNEY
650
_a
ENGLISH SHORT STORY
_z
NEW YORK
942
_c
BK
999
_c
2715
_d
2715